Udvari Erzsébet képei Kiállítás a Képcsarnokban /

Elmentve itt :
Bibliográfiai részletek
Szerző: Tandi Lajos
Dokumentumtípus: Cikk
Megjelent: 1971-10-09
Sorozat:Délmagyarország 61 No. 238
Kulcsszavak:műgyűjtők kiállítása
Online Access:http://dmarchiv.bibl.u-szeged.hu/121979
LEADER 00484nab a2200157 i 4500
001 delm121979
005 20190328111645.0
008 190328s1971 hu o 0|| hun d
040 |a SZTE Délmagyarország Archívum  |b hun 
041 |a hun 
100 1 |a Tandi Lajos 
245 1 0 |a Udvari Erzsébet képei   |h [elektronikus dokumentum] :  |b Kiállítás a Képcsarnokban /  |c  Tandi Lajos 
260 |c 1971-10-09 
300 |a 5 
490 0 |a Délmagyarország  |v 61 No. 238 
695 |a műgyűjtők kiállítása